| 000 | 00666nam a22002057a 4500 | ||
|---|---|---|---|
| 001 | 85672 | ||
| 003 | BD-RjUL | ||
| 005 | 20250909110622.0 | ||
| 008 | 250909s195? pk ||||| |||| 00| 0 urd d | ||
| 035 | _a(BD-RjUL) 85672 | ||
| 040 |
_aBD-RjUL _beng _cBD-RjUL |
||
| 041 | _aeng | ||
| 082 | _223 | ||
| 100 |
_a Faruqi, muhammad Tahir _916829 |
||
| 245 |
_aانتخاب مراثى انيس و دبير / Intik̲h̲āb-i marās̲i-yi Anīs o Dabīr / _c Mir Babbar Ali Anis, Dabīr ; muhammad Tahir Faruqi |
||
| 260 |
_aPeshware : _bUniversity book, _c195? |
||
| 300 |
_a150 p. ; _c17 cm |
||
| 600 |
_aDabīr, Mirzā, _d 1803-1875, Marsiyas _916830 |
||
| 942 |
_2ddc _cBK |
||
| 999 |
_c85672 _d85672 |
||